Statistics for Dutch Monarchs by Picture

Click here to take the quiz!

General Stats

  • This quiz has been taken 11 times
  • The average score is 5 of 7

Answer Stats

Answer% Correct
Beatrix
89%
William I
78%
William II
78%
William III
78%
Juliana
78%
Willem-Alexander
78%
Wilhelmina
67%

Score Distribution

Percentile by Number Answered

Percent of People with Each Score

Your Score History

You have not taken this quiz